Quizzes
Events
Quiz Creation
Community
Videos
Private Events
Remove Ads
Sign In
Join for FREE
Feedback
Dark Mode
Quiz Categories
Sports
Geography
Music
Movies
Television
Just For Fun
Miscellaneous
History
Literature
Language
Science
Gaming
Entertainment
Religion
Holiday
For Kids
Quiz Lab
Recent
Popular Today
Quiz Kudos Today
Editor Picks
Curator Picks
Quizzes by...
Day
Popularity
Type
Ratings
Length
Year
Community
Subscriptions
Recent Discussions
Orange Saloon
Badges
Playlists
Quests
Create
Leaderboards
Showdown
Live 5
Trivia Bingo
Activity
Puzzle Library
Sporcle Events
Private Events
Virtual Trivia
Globe League
Become a Host
Pub Owners
SporcleCon
Opinionation
Our Games
Videos
Blog
Mobile Apps
Partnerships
Remove Ads and Go Orange
Feedback
Sports
Athletes
MLB
NBA
NHL
NFL
Soccer
Sports Teams
WWE
NCAA
Football
Premier League
Basketball
Baseball
Hockey
Golf
Tennis
Cricket
Rugby
Auto Racing
Olympics
World Cup
Sports
Athletes
MLB
NBA
NHL
NFL
Soccer
Sports Teams
WWE
NCAA
Football
Premier League
Basketball
Baseball
Hockey
Golf
Tennis
Cricket
Rugby
Auto Racing
Olympics
World Cup
Random Quiz
Search Sporcle
×
Quiz Lab
Quiz Lab
Sports
NFL
Type in answers that appear in a list
Type in answers that appear in a list
Classic
Best Score? Go Orange.
NFL Jersey Numbers Stats
Can you name the NFL Jersey Numbers Past and Present Players?
By
bayoubeastuvc
3m
42 Questions
4,178 Plays
4,178 Plays
4,178 Plays
Comments
Comments
Give Quiz Kudos
Give Quiz Kudos
-
- Ratings
hide this ad
Forced Order
Answers have to be entered in order
Answers have to be entered in order
Replay
Link that replays current quiz
Next Quiz
Link to next quiz in quiz playlist
You Got
0%
They Got
Avg Score
68%
Avg Friend Score
Upgrade to see
Score Distribution
Jump to the score distribution portion of the page
Score
0/42
Timer
03:00
0
Plays Today
Player
Jersey #
% Correct
Dan Marino
13
92%
Emmitt Smith
22
91.8%
Tom Brady
12
91.4%
Jerry Rice
80
90.9%
Brett Favre
4
90.2%
Chad Ochocinco
85
88.3%
Barry Sanders
20
88.2%
Warren Moon
1
86.7%
John Elway
7
85.9%
Drew Brees
9
85.3%
Deion Sanders
21
84.7%
Steve Young
8
84%
Randy Moss (Patriots)
81
84%
Michael Vick
7
83.5%
Ray Lewis
52
81.9%
Walter Payton
34
79.2%
Larry Fitzgerald
11
76%
Johnny Unitas
19
73%
Marshall Faulk
28
72.9%
Shannon Sharpe
84
72.5%
Reggie White
92
71.5%
Player
Jersey #
% Correct
Troy Aikman
8
71.3%
Lawrence Taylor
56
70%
Donovan Mcnabb
5
63.2%
Eli Manning
10
63%
Jerome Bettis
36
60.7%
Jim Brown
32
60.6%
Randy Moss (Vikings)
84
60.4%
Reggie Bush
25
59%
Joe Namath
12
58.4%
Kurt Warner
13
57%
Jared Allen
69
56.7%
Chris Carter
80
56.2%
Dallas Clark
44
52.6%
Vernon Davis
85
52.5%
Bart Starr
15
46.2%
Joe Montana (49ers)
16
46.1%
Marcus Allen
32
42.5%
Terry Bradshaw
12
41.6%
Mike Ditka
89
41.4%
Mike Alstott
40
39.6%
Jamal Lewis
31
34.2%
Quiz Playlist
Details
Report
Send in Message
Add To Playlist
Classic:
Type in answers that appear in a list
Forced Order:
Answers have to be entered in order
Last Updated: Feb 16, 2017
Quiz Scoreboard
CHALLENGE
Sign Up to Join the Scoreboard
Show All
Scores
Hide
Comments
May contain spoilers
Recently Published
College Basketball Coaching Resumes
by pancakes188
Sports
9m
Billboard Blitz: Fleetwood Mac
by CooCooCachoo
Music
15s
Presidents Visiting Landmarks
by Hejman
History
7m
More to Explore
Quiz From the Vault
Featured Blog Post
Where Did the Easter Bunny Come From?
hide this ad
You Might Also Like...
Tags
NFL Quiz
Numbers Quiz
Jersey
past
Player
present
Today's Top Quizzes in Sports
Browse Sports
hide this ad
Today's Top Quizzes in NFL
Browse NFL
Top Contributed Quizzes in Sports
1
2022 World Cup Stars
2
Les meilleurs buteurs des matchs entre le PSG et l’OM
3
FIFA Club World Cup Champions
4
Les entraîneurs de l'OM et du PSG au 21e siècle
5
Criteria MLB: Left Handed Sluggers
6
AFC Teams Reveal (Wrong Answers Minefield)
7
5-to-1: UK Sports Teams
8
5-to-1: FBS Animal Nicknames
9
2023 MLB Unique Player Accomplishments
10
Name the Premier League winners with different clubs
Explore More
Trending Topics
Marvel
Anime
Disney
Kpop
NBA
Harry Potter
Crossword
Soccer
Song
Puzzle
NFL
WWE
Country
Pokémon
The Office
hide this ad
More By:
bayoubeastuvc
Quiz
Plays
Rating
Category
Featured
Created
NFL Jersey Numbers
4,178
4.20
Sports
Oct 25, 2010
True or False
560
3.75
Just For Fun
Oct 22, 2010
NFL Record Holders
538
4.11
Sports
Oct 27, 2010
Test Random Knowledge
452
3.30
Just For Fun
Oct 24, 2010
NFL Jersey Numbers 2010
166
Sports
Nov 13, 2010
Go to Creator's Profile
Score Distribution
Quiz Creator Spotlight
bayoubeastuvc
Follow
Send a Message
Quizzes Created
-
Created Quiz Play Count
-
More By This Creator
Popular Quizzes Today
1
Find the US States - No Outlines Minefield
2
Find the Countries of Europe - No Outlines Minefield
3
The Countries of the World
4
Find the US States
5
Risky Map Clicking: Biggest States A-Z
6
US States
7
Popular People in 1961
8
Movies - When Are They Set?
More Sports Quizzes
NL Franchise Home Run Leaders - Crossword
Curator's Pick
Trending Quizzes
Risky Map Clicking: Least Populous States A-Z
1-10 Letter G Words
1-10 Letter F Words
Risky Map Clicking: Next State Alphabetically
Risky Map Clicking: Biggest States A-Z
Recently Updated
Leaping Animals
pecheneg
Reality TV Shows (A-Z)
bhenderson79
Rickey Henderson's Hall of Fame Teammates
pecheneg
Champions League XIs: Arsenal
pecheneg
Quick Pick: Celebrities in WWE's Hall of Fame
aduchscher
A-Z Keypad Blitz II
pecheneg
Multiple Oscar Actors
pecheneg
Mystery Phrase Blitz: Oscar 'Best Actors'
pecheneg
F. Scott Fitzgerald Novels
LTH
Pick 3 Villains
ddd62291
Trending Topics
NBA
Crossword
Kpop
Marvel
Disney
Harry Potter
Anime
Puzzle
Song
Soccer
The Office
Country
Pokémon
WWE
NFL
Your Account Isn't Verified!
In order to create a playlist on Sporcle, you need to verify the email address you used during registration. Go to your
Sporcle Settings
to finish the process.
Report this User
Report this user for behavior that violates our
Community Guidelines
.
Details:
Send Report
Go to the Sporcle.com Mobile Site →
Comments